000 00329 a2200157 4500
001 56750
020 _a8585763949
040 _cAnchieta - Pituba
100 _aFerreira, Elita
240 1 0 _aEscravos de Jó
_lpor
245 1 0 _aEscravos de Jó
300 _a94
362 0 _a1997
650 4 _aLiteratura juvenil
942 _cBK
999 _c56750
_d56750